Milla Jovovich Filmography - Statistics

General Stats
  • This quiz has been taken 41 times
    6 since last reset
  • The average score is 29 of 81
Answer Stats
Type Year Name % Correct
Film 2002 Resident Evil
100%
Film 1997 The Fifth Element
100%
Video Game 1998 The Fifth Element
100%
Film 1992 Chaplin
67%
Film 1993 Dazed and Confused
67%
Film 2019 Hellboy
67%
Film 2020 Monster Hunter
67%
Film 2010 Resident Evil: Afterlife
67%
Film 2001 Zoolander
67%
Film 2006 .45
33%
Film 2009 A Perfect Getaway
33%
Film 2015 A Warrior's Tail
33%
TV Show 2015 Barely Famous
33%
Documentary 2010 Blood Into Wine
33%
Film 2024 Breathe
33%
Film 2011 Bringing Up Bobby
33%
Documentary Series 2002 Cirque du Soleil: Fire Within
33%
TV Show 2004 Cirque du Soleil: Solstrom
33%
Short Film 2015 Clint Howard Reboots Pippi Longstocking with Milla Jovovich and Fred Willard
33%
Film 2014 Cymbeline
33%
Film 2010 Dirty Girl
33%
Film 2002 Dummy
33%
Film 2011 Faces in the Crowd
33%
Film 2018 Future World
33%
Music Video 1993 Gentleman Who Fell
33%
TV Show 2020 Germany's Next Topmodel
33%
Film 1998 He Got Game
33%
Music Video 1998 If You Can't Say No
33%
Film 2025 In the Lost Lands
33%
Music Video 2013 I Wanna Be a Warhol
33%
Documentary Mini-Series 2018 James Cameron's Story of Science Fiction
33%
TV Show 2002 King of the Hill
33%
Film 1992 Kuffs
33%
TV Show 2017 Lip Sync Battle
33%
Film 2011 Lucky Trouble
33%
TV Show 1989 Married... with Children
33%
Documentary 2025 Meme Gods
33%
Film TBA Midnight
33%
Video Game 2020 Monster Hunter World: Iceborne
33%
Film 2002 No Good Deed
33%
Film 2008 Palermo Shooting
33%
TV Show 1988 Paradise
33%
Film 2019 Paradise Hills
33%
TV Show 1990 Parker Lewis Can't Loose
33%
TV Show 2009 Project Runway
33%
Film 2025 Protector
33%
Film 2004 Resident Evil: Apocalypse
33%
Film 2007 Resident Evil: Extinction
33%
Film 2012 Resident Evil: Retribution
33%
Film 2016 Resident Evil: The Final Chapter
33%
Film 1991 Return to the Blue Lagoon
33%
TV Show 2018 Robot Chicken
33%
Documentary 2018 See Know Evil
33%
Film 2017 Shock and Awe
33%
Documentary 2020 Showbiz Kids
33%
Music Video 2018 Signal
33%
Film 2010 Stone
33%
Film 2015 Survivor
33%
Documentary 2019 Tales of the Wild Hunt: Hellboy Reborn
33%
Film 2000 The Claim
33%
Film 2009 The Fourth Kind
33%
Film 1999 The Messenger: The Story of Joan of Arc
33%
Film 2000 The Million Dollar Hotel
33%
TV Film 1988 The Night Train to Kathmandu
33%
Film 2019 The Rookies
33%
Film 2011 The Three Musketeers
33%
TV Show 2004 Toribia no Izumi: Subarashiki Muda Chishiki
33%
Short Film 2005 Trailer for a Remake of Gore Vidal's Caligula
33%
Film TBA Twilight of the Dead
33%
Film 1988 Two Moon Junction
33%
Film 2006 Ultraviolet
33%
Music Video 2018 Withorwithout
33%
Film 2025 Worldbreaker
33%
Film 2002 You Stupid Man
33%
Film 2016 Zoolander 2
33%
TV Documentary 2015 Eva Herzigova, Milla Jovovich dans l'oeil de Peter Lindbergh
0%
TV Special 2003 Fashion Rocks
0%
Commercial 1998-2013 L'Oréal
0%
Documentary 2002 The One Dollar Diary
0%
Web Series 2012 Undead Noise
0%
TV Show 2010 Wanna Bet?
0%
No matching quizzes found
Score Distribution
Percent of People with Each Score
Percentile by Number Answered
Your Score History
You have not taken this quiz since the last reset